000 00759nam a2200205 a 4500
003 0
005 20250321091039.0
008 060801s19uu xx 00 eng d
050 _aPGS BF 637.C4.F33
_b.K16 2006
100 _aKang, Shin Ae.
245 _aFactors influencing the career choices of grade six students /
_cShin Ae Kang.
260 _aLas PiƱas City, Philippines :
_bSouthville International School and Colleges,
_c2006.
300 _a42 pages :
_billustrations ;
_c28 cm.
504 _aIncludes bibliographical references.
650 _aCareer choice
_vPsychological aspect.
650 _aDecision making in children.
650 _aInfluence of family on career choice.
650 _aEducation and career planning.
942 _2lcc
_cPASS
999 _c97497
_d97497